[Event "Nogent le Retrou op"]
[Site "Nogent le Retrou "]
[Date "2005.03.26"]
[Round "3"]
[White "Duke, Nigel"]
[Black "Lucas, Jean"]
[Result "0-1"]
[WhiteElo "1460"]
[BlackElo "1973"]
[PlyCount "42"]
[EventDate "2005.03.25"]
[EventType "swiss"]
[EventRounds "9"]
[EventCountry "FRA"]
[SourceTitle "EXT 2007"]
[Source "ChessBase"]
[SourceDate "2006.11.23"]
[SourceVersion "1"]
[SourceVersionDate "2006.11.23"]
[SourceQuality "1"]

1. e4 e5 2. Nf3 Nc6 3. Bb5 f5 4. d3 fxe4 5. dxe4 Nf6 6. 0-0 Bc5 7. Bxc6 bxc6 8. Bg5 d6 9. Nc3 0-0 10. h3 Qe8 11. Qd3 Qg6 12. Be3 Bxe3 13. Qxe3 Nh5 14. Kh2 Nf4 15. Rg1 Qh5 16. Nd2 Bg4 17. Qg3 Be6 18. Qf3 Qh6 19. Ne2 Nxh3 20. Qe3 Nf4+ 21. Kg3 Qg5+ 0-1